000 00288nam a22001337a 4500
008 170419b xxu||||| |||| 00| 0 eng d
020 _a9780132011624
041 _aeng
080 _a573
100 _a11
101 _aSHM
245 _aEXPLORER SCIENCE
_cPADILLA, M.J
942 _2udc
_cBK
999 _c11209
_d11209